Illini Basketball Honored Jerseys - Statistics

General Stats
  • This quiz has been taken 18 times
  • The average score is 14 of 34
Answer Stats
# Pos. Years Answer % Correct
11 G 2003-2006 Dee Brown
100%
5 G 2003-2005 Deron Williams
100%
30 G 2000-2002 Frank Williams
100%
11 G 2019-2021 Ayo Dosunmu
89%
4 G 2002-2005 Luther Head
89%
34 F 2000-2003 Brian Cook
67%
13 G 1987-1990 Kendall Gill
67%
25 F/C 1991-1994 Deon Thomas
56%
12 G 1981-1983 Derek Harper
56%
33 F 1978-1981 Eddie Johnson
56%
33 F 1988-1989 Kenny Battle
56%
25 F 1988-1989 Nick Anderson
56%
22 C 1952-1954 John "Red" Kerr
44%
47 F 1942-1943, 1947 Andy Phillip
33%
40 F 1961-1963 Dave Downey
33%
35 C 1963-1965 Duane "Skip" Thoren
33%
23 G 1960-1962 Jerry Colangelo
33%
33 F 1985-1987 Ken Norman
33%
30 G 1958-1960 Mannie Jackson
33%
12 F 1971-1973 Nick Weatherspoon
33%
1 G 1915-1917 Ray Woods
33%
33 G 1947-1950 Bill Erickson
22%
19 F 1938-1940 Bill Hapac
22%
25 G 1983-1986 Bruce Douglas
22%
1 F 1920-1922 Chuck Carney
22%
15 F 1964-1966 Don Freeman
22%
40 F 1947-1949 Dwight "Dike" Eddleman
22%
25 G 1942-1943, 1947 Gene Vance
22%
14 G 1944-1945, 1947 Walt Kirk
22%
11 G 1949-1951 Don Sunderlage
11%
35 F 1958-1960 Govoner Vaughn
11%
24 G 1965-1967 Jim Dawson
11%
37 G 1950-1952 Rod Fletcher
11%
12 G 1963-1965 Tal Brody
11%
No matching quizzes found
Score Distribution
Percent of People with Each Score
Percentile by Number Answered
Your Score History
You have not taken this quiz